000 00378nam a2200145Ia 4500
008 231129s2004||||xx |||||||||||||| ||spa||
020 _a958-600-831-2
040 _bspa
082 _a627 S162h
100 _aSaldarriaga V. Juan G.
245 0 _aHidráulica de tuberí­as
260 _c2004
264 _aMcGraw-Hill
942 _2ddc
_cBKS
999 _c15007
_d15007